ALL INDIA REPORTER, [2003] [VOL-90] SUPREME COURT SECTION [PART-II] (Record no. 7084)

MARC details
000 -LEADER
fixed length control field 00411nam a22001457a 4500
005 - DATE AND TIME OF LATEST TRANSACTION
control field 20200612123140.0
008 - FIXED-LENGTH DATA ELEMENTS--GENERAL INFORMATION
fixed length control field 200612b xxu||||| |||| 00| 0 eng d
082 ## - DEWEY DECIMAL CLASSIFICATION NUMBER
Classification number 345.4 AIR
110 ## - MAIN ENTRY--CORPORATE NAME
Corporate name or jurisdiction name as entry element ALL INDIA REPORTER
245 ## - TITLE STATEMENT
Title ALL INDIA REPORTER, [2003] [VOL-90] SUPREME COURT SECTION [PART-II]
260 ## - PUBLICATION, DISTRIBUTION, ETC. (IMPRINT)
Place of publication MUMBAI
Name of publisher ALL INDIA REPORTER, PVT. LTD.
300 ## - PHYSICAL DESCRIPTION
Number of Pages 2480;p
650 ## - SUBJECT ADDED ENTRY--TOPICAL TERM
Topical Term LAW
942 ## - ADDED ENTRY ELEMENTS (KOHA)
Koha item type Journals/Serial
Holdings
Lost status Damaged status Home library Current library Date acquired Source of acquisition Full call number Accession Number Koha item type
    JRU Library   24/06/2020 PURCHESS 345.4 AIR 24653 Journals/Serial